|
|
|
|
| LEADER |
00000nab a2200000 a 4500 |
| 001 |
vtls000932954 |
| 003 |
SK-MaSNL |
| 005 |
20260304214549.0 |
| 008 |
110722e20040316xo 0 slo |
| 035 |
|
|
|a KE41831
|
| 040 |
|
|
|a KEVKJB
|b slo
|c KEVKJB
|e AACR2
|
| 041 |
0 |
|
|a slo
|
| 044 |
|
|
|a xo
|c SK
|
| 080 |
|
|
|a 625.711.1
|2 1981
|
| 080 |
|
|
|a 353.2
|2 1981
|
| 100 |
1 |
|
|a Dohovič, Svjatoslav
|4 aut
|9 331929
|
| 245 |
1 |
0 |
|a Na východe sú najhoršie cesty
|
| 600 |
1 |
7 |
|a Bauer, Rudolf,
|d 1957-
|2 KEVKJB
|9 100179
|
| 650 |
0 |
7 |
|a cestné komunikácie
|2 KEVKJB
|9 28840
|
| 650 |
0 |
7 |
|a cesty
|2 KEVKJB
|9 25096
|
| 650 |
0 |
7 |
|a Ernst, Alexander,
|d 1964-
|2 KEVKJB
|9 1548441
|
| 651 |
|
7 |
|a Prešovský samosprávny kraj (Slovensko)
|2 KEVKJB
|9 23301
|
| 651 |
|
7 |
|a Košický samosprávny kraj (Slovensko)
|2 KEVKJB
|9 195425
|
| 651 |
|
7 |
|a KPO,KK,PO,
|2 KEVKJB
|9 1016099
|
| 773 |
0 |
8 |
|t Pravda
|g Roč. 14, č.63, 16.3.2004, s. 5
|
| 852 |
|
|
|a ZVYKNI
|b KIS3GCP
|
| 999 |
|
|
|c 3142016
|d 3143946
|